000
00296nam a2200121Ia 4500
008
191201s1999 xx 000 0 und d
100
_a
VANGHELVWE, l
245
0
_a
Air - Jet Weft Insertion
260
_a
N.Delhi
_b
Textile Institute
_c
1999
300
_a
65
650
_a
B.Tech(TE)
942
_2
ddc
_c
BK
999
_c
3625
_d
3625